Capitals of countries on the Tropic of Capricorn - Statistics

General Stats
  • This quiz has been taken 16 times
  • The average score is 9 of 10
Answer Stats
Answer % Correct
Santiago
100%
Asuncion
94%
Brasilia
94%
Buenos Aires
94%
Canberra
94%
Antananarivo
88%
Cape Town
81%
Windhoek
75%
Maputo
69%
Gaborone
63%
No matching quizzes found
Score Distribution
Percent of People with Each Score
Percentile by Number Answered
Your Score History
You have not taken this quiz